| 000 | 00852nam a2200277Ia 4500 | ||
|---|---|---|---|
| 001 | Para_8518 | ||
| 003 | CHAP | ||
| 008 | 220125s1918 xx 000 0 und d | ||
| 010 | _a207329 | ||
| 040 | _cCHAP | ||
| 082 | _aPA-C 595.752 A6 | ||
| 100 |
_aAnnand, P. N. _9173918 |
||
| 245 |
_aA contribution toward a monograph of the adelginae (Phylloxeridae) of North America / _c by P.N. Annand |
||
| 260 |
_aStanford, Cal. : _b Stanford University Publications |
||
| 300 | _a146 p. | ||
| 440 |
_aAphidae; 19 _9173915 |
||
| 500 | _aEncuadernado con otros impresos similares | ||
| 650 |
_a _x Afididos _x Colecciones de escritos _x Adelginae _9173919 |
||
| 901 | _aPA-C 595.752 A6 | ||
| 902 | _aA | ||
| 905 | _a0000001918 a 0000000000 00 | ||
| 910 | _a1918 | ||
| 942 | _cPARA | ||
| 942 |
_cPARA _d1 |
||
| 999 |
_c207329 _d207329 |
||